000 00713nam a2200253Ia 4500
003 OSt
005 20221005032016.0
006 a|||||r|||| 00| 0
007 ta
008 221004b |||||||| |||| 00| 0 tam d
020 _c01
024 _a63976
037 _cTextual
040 _aCRL
_cCRL
_btam
041 _2tam
_atam
082 _aO31,1C92, w3J1;1
100 _aParamasivanantham A.Mu. Au.
_9584664
245 0 _aKadavular Pottrum Theivam
_b Kannaki
260 _aChennai
_bThamizhkkalai Pathippakam India
_c1951
300 _a155p.
_ccm.
650 _aTAMIL LITERATURE
942 _hO31,1C92, w3J1;1
_cTEXL
_2cc
999 _c938918
_d938918